000 00348 a2200145 4500
001 154581
040 _cEscola São Tomás de Aquino
100 _aLISPECTOR, Clarice
240 1 0 _aFelicidade clandestina
_lpor
245 1 0 _aFelicidade clandestina
362 0 _a1998
440 1 _aRocco
697 _aCRÔNICA, CONTO, NOVELA,CARTAS
942 _cBK
999 _c154581
_d154581